NATO (OTAN) - Map Quiz - Statistics

General Stats
  • This quiz has been taken 119 times
  • The average score is 21 of 28
Answers on the Map
Answers color-coded by a green-red scale on the quiz's map according to % correct below.
 
Answer Stats
Answer % Correct
Canada
93%
France
90%
United Kingdom
89%
United States
87%
Belgium
86%
Germany
86%
Norway
86%
Portugal
84%
Spain
84%
Italy
83%
Netherlands
82%
Poland
82%
Denmark
78%
Turkey
78%
Greece
77%
Luxembourg
77%
Croatia
71%
Romania
70%
Slovenia
70%
Lithuania
69%
Hungary
66%
Montenegro
66%
Slovakia
66%
Czechia
65%
Latvia
64%
Estonia
63%
Macedonia
61%
Bulgaria
60%
No matching quizzes found
Score Distribution
Percent of People with Each Score
Percentile by Number Answered
Your Score History
You have not taken this quiz